Foundations of nanomechanics : (Record no. 29093)

000 -LEADER
fixed length control field 00638 a2200181 4500
020 ## - INTERNATIONAL STANDARD BOOK NUMBER
International Standard Book Number 3642078214
020 ## - INTERNATIONAL STANDARD BOOK NUMBER
International Standard Book Number 9783642078217
082 04 - DEWEY DECIMAL CLASSIFICATION NUMBER
Classification number 530
090 ## - LOCALLY ASSIGNED LC-TYPE CALL NUMBER (OCLC); LOCAL CALL NUMBER (RLIN)
-- 461
-- 461
100 1# - MAIN ENTRY--PERSONAL NAME
Personal name Cleland, Andrew N.
245 10 - TITLE STATEMENT
Title Foundations of nanomechanics :
Remainder of title from solid-state theory to device applications /
Statement of responsibility, etc. Andrew N. Cleland.
260 ## - PUBLICATION, DISTRIBUTION, ETC.
Place of publication, distribution, etc. [S.l.] :
Name of publisher, distributor, etc. Springer,
Date of publication, distribution, etc. 2003.
300 ## - PHYSICAL DESCRIPTION
Extent 888 p. ;
Dimensions 23 cm.
490 1# - SERIES STATEMENT
Series statement Advanced texts in physics.
830 #0 - SERIES ADDED ENTRY--UNIFORM TITLE
Uniform title Advanced texts in physics.
942 ## - ADDED ENTRY ELEMENTS (KOHA)
Institution code [OBSOLETE] SNS
Koha item type Book
Call number prefix 620.5 CLE
Holdings
Withdrawn status Lost status Damaged status Not for loan Permanent Location Current Location Date acquired Total Checkouts Full call number Barcode Date last seen Price effective from Koha item type
        School of Natural Sciences (SNS) School of Natural Sciences (SNS) 05/26/2016   620.5 CLE SNS0000395 05/26/2016 05/26/2016 Book
© 2023 Central Library, National University of Sciences and Technology. All Rights Reserved.